| 000 | 01585cam a22002054a 4500 | ||
|---|---|---|---|
| 005 | 20250605164001.0 | ||
| 008 | 250528s ||||||||||||||||||||||||d | ||
| 035 | _a15618 | ||
| 020 | _a1565297547 | ||
| 040 |
_aGR-AtMCL _bgre _dGR-AtMCL _eAACR2 |
||
| 245 | 1 | _aMS-DOS 6.2 Βήμα προς Βημα / Μετάφραση της 1ης Αμερικανικής Έκδοσης 1994 | |
| 260 |
_bΓκιούρδας, _c1994 |
||
| 300 | _a482 | ||
| 520 | _aΜε αυτό το απλό, βήμα-προς-βήμα εγχειρίδιο, μαθαίνετε με τον δικό σας ρυθμό αυτό το δυναμικό λειτουργικό σύστημα. Εισαγωγή, Βασικά του DOS, Το DOS στα Γρήγορα, Εκκίνηση του DOS, Εργασία από την Γραμμή Εντολών του DOS, Αρχεία και Κατάλογοι, Κατανόηση και Χρήση Καταλόγων, Συντήρηση Αρχείων, Χρήση Εντολών του DOS, Μορφοποίηση Δίσκων, Οδηγός Εντολών του DOS, Βασικες Εντολές του DOS, Προχωρημένες Εντολές του DOS, Εξειδίκευση του Συστήματος, Εξειδίκευση του DOS, Προστασία των Δεδομένων, Διασύνδεση του DOS 6.2 για Windows, Παράρτημα, Καθορισμός και Εγκατάσταση, Ευρετήριο. | ||
| 700 | 1 |
_aConicki Steve _91581 |
|
| 700 | 1 |
_aShimmin Bradley F _91582 |
|
| 942 | _cBK | ||
| 999 |
_c1187 _d1187 |
||